000
00355nam a22001577a 4500
020
_a
978-93-84872-89-2
041
_a
ENG
100
_a
Krishna Mohan
245
_a
Developing Communication Skills
250
_a
2 nd
260
_a
Delhi
_b
Trinity
_c
2019
300
_a
388
650
_a
English
700
_a
Meera Banerjl
856
_u
Compuetitive Exam
999
_c
16
_d
16